|
|
|
|
| LEADER |
00000naa2a2200000 4500 |
| 001 |
620898 |
| 005 |
20231101133132.0 |
| 035 |
|
|
|a (RuTPU)RU\TPU\conf\19431
|
| 035 |
|
|
|a RU\TPU\conf\19430
|
| 090 |
|
|
|a 620898
|
| 100 |
|
|
|a 20161020d2016 k y0rusy50 ca
|
| 101 |
0 |
|
|a rus
|
| 102 |
|
|
|a RU
|
| 105 |
|
|
|a y z 101zy
|
| 135 |
|
|
|a drcn ---uucaa
|
| 181 |
|
0 |
|a i
|
| 182 |
|
0 |
|a b
|
| 200 |
1 |
|
|a Формирование базы знаний системы поддержки принятия решений медицинских исследований
|f М. Д. Шагарова
|g науч. рук. Е. Е. Мокина
|
| 203 |
|
|
|a Текст
|c электронный
|
| 225 |
1 |
|
|a Интеллектуальные системы и технологии
|
| 230 |
|
|
|a 1 компьютерный файл (pdf; 769 Kb)
|
| 300 |
|
|
|a Заглавие с титульного экрана
|
| 320 |
|
|
|a [Библиогр.: с. 94 (2 назв.)]
|
| 330 |
|
|
|a The paper gives the example of the description process of knowledge base formation for decision support system. This paper describes the need of data mining tools implementation to construct the rule-based for intelligent component of DSS medical studies.
|
| 463 |
|
1 |
|0 (RuTPU)RU\TPU\conf\12653
|t Технологии Microsoft в теории и практике программирования
|o сборник трудов XIII Всероссийской научно-практической конференции студентов, аспирантов и молодых ученых, г.Томск, 22-23 марта 2016 г.
|f Национальный исследовательский Томский политехнический университет (ТПУ), Институт кибернетики ; ред. кол. А. В. Лиепиньш [и др.]
|v [С. 92-94]
|d 2016
|
| 610 |
1 |
|
|a труды учёных ТПУ
|
| 610 |
1 |
|
|a электронные ресурсы
|
| 610 |
1 |
|
|a СППР
|
| 610 |
1 |
|
|a интеллектуальный анализ
|
| 610 |
1 |
|
|a базы знаний
|
| 610 |
1 |
|
|a логические выводы
|
| 610 |
1 |
|
|a продукционные модели
|
| 610 |
1 |
|
|a медицинские исследования
|
| 700 |
|
1 |
|a Шагарова
|b М. Д.
|
| 702 |
|
1 |
|a Мокина
|b Е. Е.
|c специалист в области информатики и вычислительной техники
|c старший преподаватель Томского политехнического университета, инженер
|f 1978-
|g Елена Евгеньевна
|2 stltpush
|4 727
|
| 712 |
0 |
2 |
|a Национальный исследовательский Томский политехнический университет (ТПУ)
|b Институт кибернетики (ИК)
|b Кафедра оптимизации систем управления (ОСУ)
|h 127
|2 stltpush
|3 (RuTPU)RU\TPU\col\18702
|
| 801 |
|
2 |
|a RU
|b 63413507
|c 20161028
|g RCR
|
| 856 |
4 |
|
|u http://earchive.tpu.ru/handle/11683/33229
|
| 942 |
|
|
|c BK
|